[Event "ISL-chT2 2122"]
[Site "Reykjavik"]
[Date "2021.10.01"]
[Round "1.2"]
[White "Haraldsson, Sigurjon"]
[Black "Stefansson, Bjorn Gretar"]
[Result "1-0"]
[WhiteElo "1841"]
[BlackElo "1687"]
[PlyCount "67"]
[EventDate "2021.10.01"]
[EventType "team-tourn"]
[EventRounds "7"]
[EventCountry "ISL"]
[SourceTitle "EXT 2024"]
[Source "ChessBase"]
[SourceDate "2023.10.10"]
[SourceVersion "1"]
[SourceVersionDate "2023.10.10"]
[SourceQuality "1"]
[WhiteTeam "Reykjavik KR"]
[BlackTeam "Vikingaklubburinn II"]
[WhiteTeamCountry "ISL"]
[BlackTeamCountry "ISL"]

1. d4 d5 2. c4 Nf6 3. cxd5 Qxd5 4. Nc3 Qd8 5. e4 e6 6. Nf3 Be7 7. Bd3 Nc6 8. 0-0 0-0 9. Ne2 Nb4 10. Bb1 b6 11. a3 Na6 12. h3 Bb7 13. Ng3 c5 14. Be3 cxd4 15. Bxd4 Bc5 16. Bxf6 Qxf6 17. Qc2 e5 18. Ba2 Rac8 19. Nf5 Bxa3 20. Qe2 Bc5 21. Bc4 Nb4 22. g4 a5 23. Kh2 Qc6 24. Rae1 Rfe8 25. Bb5 Qc7 26. Bxe8 Rxe8 27. Rg1 Ba6 28. Qd2 Rd8 29. Qc3 Nd3 30. Rd1 f6 31. g5 Nxf2 32. gxf6 g6 33. Qb3+ Kf8 34. Nh6 1-0

[Event "ISL-chT1 1920"]
[Site "Reykjavik"]
[Date "2021.05.14"]
[Round "6.5"]
[White "Stefansson, Bjorn Gretar"]
[Black "Bergsson, Stefan"]
[Result "0-1"]
[WhiteElo "1665"]
[BlackElo "2185"]
[PlyCount "74"]
[EventDate "2019.10.03"]
[EventType "team-tourn"]
[EventRounds "9"]
[EventCountry "ISL"]
[SourceTitle "EXT 2022"]
[Source "ChessBase"]
[SourceDate "2021.10.06"]
[SourceVersion "1"]
[SourceVersionDate "2021.10.06"]
[SourceQuality "1"]
[WhiteTeam "Vikingaklubburinn II"]
[BlackTeam "Skakfelag Akureyrar"]
[WhiteTeamCountry "ISL"]
[BlackTeamCountry "ISL"]

1. c4 c5 2. g3 Nc6 3. Bg2 g6 4. Nf3 Bg7 5. Nc3 e5 6. d3 Nge7 7. 0-0 0-0 8. a3 d6 9. Rb1 a5 10. Nd2 Be6 11. Nb5 f5 12. f4 exf4 13. Rxf4 g5 14. Rf1 Ng6 15. e3 Rb8 16. b3 g4 17. Bb2 h5 18. d4 Bc8 19. dxc5 dxc5 20. Bxg7 Kxg7 21. Qc2 h4 22. Rbd1 Qe7 23. Qc3+ Kh6 24. e4 f4 25. gxf4 Nxf4 26. Qe3 Qg5 27. Rde1 Ne5 28. Rxf4 Rxf4 29. Nd6 Nf3+ 30. Kh1 Nxd2 31. Qc3 Be6 32. Nf5+ Kh7 33. Qe5 Re8 34. Qc7+ Kg8 35. Nd6 Ref8 36. Nf5 h3 37. Ne7+ Kh8 0-1

[Event "Reykjavik Taflfelag op"]
[Site "Reykjavik"]
[Date "2019.10.30"]
[Round "3"]
[White "Helgadottir, Sigridur Bjorg"]
[Black "Stefansson, Bjorn Gretar"]
[Result "0-1"]
[WhiteElo "1749"]
[BlackElo "1566"]
[PlyCount "92"]
[EventDate "2019.10.16"]
[EventType "swiss"]
[EventRounds "7"]
[EventCountry "ISL"]
[SourceTitle "CBM 193 Extra"]
[Source "ChessBase"]
[SourceDate "2020.01.31"]
[SourceVersion "1"]
[SourceVersionDate "2020.01.31"]
[SourceQuality "1"]

1. d4 d5 2. c4 Nf6 3. Nc3 Bf5 4. Nf3 e6 5. Bg5 Be7 6. e3 0-0 7. Qb3 b6 8. cxd5 exd5 9. Bxf6 Bxf6 10. Nxd5 Nd7 11. Rc1 c5 12. Be2 cxd4 13. Nxf6+ Qxf6 14. Nxd4 Nc5 15. Qc4 Ne4 16. Qd5 Bg6 17. 0-0 Rfd8 18. Qc6 Nd6 19. Qf3 Qg5 20. Rc7 Ne8 21. Rb7 Nf6 22. Qg3 Qa5 23. Bf3 Qxa2 24. Nc6 Re8 25. Ne7+ Kh8 26. Nxg6+ hxg6 27. Qc7 Kg8 28. Qc3 Rac8 29. Qa3 Qxa3 30. bxa3 Rb8 31. Rxa7 Rec8 32. g3 b5 33. Rb1 Rc2 34. Ra5 Ra2 35. Bc6 b4 36. Rxb4 Rd8 37. Rb1 Rdd2 38. Ra8+ Kh7 39. Rbb8 g5 40. Rh8+ Kg6 41. Bb5 Kf5 42. h3 Ra1+ 43. Kg2 g4 44. hxg4+ Nxg4 45. e4+ Kg5 46. Kh3 Rxf2 0-1